000 03446cam a22006974i 4500
003 PE-LiUPU
005 20250731180148.0
008 150706s2009 sp a rb 000 0 spa d
020 _a9788420011318
035 _a(Sirsi) i9788420011318
040 _aPE-LiUPU
_bspa
_cPE-LiUPU
_erda
049 _aPRUA
082 0 4 _a576.163
_bM77
_221
082 0 4 _a664.0015
_bM69 2008
100 1 _aMontville, Thomas J.,
_eautor.
245 1 0 _aMicrobiología de los alimentos :
_bIntroducción /
_cThomas J. Montville y Karl R. Matthews ; traducción a cargo de María Mercè Torra Reventós.
250 _a2da edición.
264 1 _aZaragoza, España :
_bAcribia,
_c2009.
300 _a459 páginas :
_bilustraciones ;
_c27 centímetros.
336 _atext
_2rdacontent
337 _aunmediated
_2rdamedia
338 _avolume
_2rdacarrier
500 _aTítulo original: Food Microbiology: An introduction.
504 _aIncluye referencia bibliográfica.
505 0 _aBase de la microbiología de los alimentos -- Bacterias Gram-negativas patogénicas transmitidas por alimentos -- Bacterias Gram-positivas patogénicas transmitidas por alimentos -- Otros microorganismos importantes en los alimentos -- Control de los microorganismos en los alimentos.
526 _aSEG44
526 _aSEG26
526 _aP159
526 _aP155
526 _aP154
526 _aP153
526 _aP150
526 _aP100
526 _aP31
526 _aP30
526 _aP26
526 _aP25
526 _aP24
526 _aP22
526 _aP15
526 _aP10
541 _g001-0035682;
541 _g0020-0000839;
650 0 4 _aMicrobiología de los alimentos.
650 0 4 _aControl de calidad de los alimentos.
700 1 _aMatthews, Karl R.,
_eautor.
700 1 _aTorra Reventós, María Mercé,
_etraductor.
910 _agl
_bjv
_clch
_d20120820
910 _btqv
_cwelc
_d20170419
942 _2ddc
_cBOOK
949 _a576.163 M77
_wDEWEY
_c1
_i65232
_lCCODEBUL1
_mBUL
_p92.00
_r0
_sY
_tBOOK
_u2015-7-6
_xINGENIERIA
_PP26
_o.STAFF. Colección General
949 _a664.0015 M69 2008
_wDEWEY
_c1
_iFJ07624
_lCCODEBUJ1
_mBUJ
_p78.75
_r0
_sY
_tBOOK
_u2017-04-19
_xINGENIERIA
_PP26
_0COMPRA
_o.STAFF. Colección General Juliaca
949 _a664.0015 M69 2008
_wDEWEY
_c2
_iFJ07851
_lCCODEBUJ1
_mBUJ
_p78.75
_r0
_sY
_tBOOK
_u2017-05-19
_xINGENIERIA
_PP26
_0COMPRA
_o.STAFF. Colección General Juliaca
994 _aC0
_bPEPRU
596 _a1 3
999 _a576.163 M77
_wDEWEY
_c53839
_i65232
_d53839
_e2018-9-26
_f2021-11-5
_g7
_lCCODEBUL1
_mBUL
_n18
_p92.00
_q1
_r0
_sN
_tBOOK
_u2015-7-6
_xBIBLIOTECA
_PP26
_0COMPRA
_o.STAFF. Colección General
999 _a576.163 M77
_wDEWEY
_c2
_i74094
_d2018-9-30
_e2018-9-7
_f2021-11-5
_g7
_lCCODEBUL1
_mBUL
_n11
_p86.11
_q2
_r0
_sN
_tBOOK
_u2016-7-25
_xBIBLIOTECA
_PP26
_0COMPRA
_o.STAFF. Colección General
999 _a664.0015 M69 2008
_wDEWEY
_c1
_iFJ07624
_d2017-9-4
_e2017-8-31
_f2022-2-1
_g4
_lCCODEBUJ1
_mBUJ
_n3
_p78.75
_r0
_sY
_tBOOK
_u2017-4-19
_xINGENIERIA
_PP26
_0COMPRA
_o.STAFF. Colección General Juliaca
999 _a664.0015 M69 2008
_wDEWEY
_c2
_iFJ07851
_d2019-12-9
_e2018-6-18
_f2022-2-1
_g4
_lCCODEBUJ1
_mBUJ
_n7
_p78.75
_q3
_r0
_sY
_tBOOK
_u2017-5-19
_xINGENIERIA
_PP26
_0COMPRA
_o.STAFF. Colección General Juliaca
980 _81
_gALBERTO SANCHEZ Responsable de Automatización